Music Quiz

Random Music or Song Quiz
Score 0/33 Timer 05:00
3 Plays Today
% Correct
Hey
94.4%
Fire
93.1%
Want
92.6%
Dancing
91.1%
Sweet
90.9%
Good
90.4%
Old
89.9%
Call
89.3%
Let's
88.4%
Fun
88.3%
Car
88.2%
Kiss
88.2%
Alone
88%
Baby
87.9%
Fight
87.9%
Tonight
87.7%
Heat
87.1%
% Correct
Young
87.1%
Heart
87%
Back
86.5%
House
86.3%
End
84.1%
All
83.6%
Last
82.8%
Dirty
81.9%
Lover
81.9%
Street
81.1%
Beat
80.8%
Song
80.7%
Surrender
80.2%
Boogie
80%
Eyes
79.1%
Angel
70.1%
Remove Ads.
Support Sporcle.
Get the best of Sporcle when you Go Orange. This ad-free experience offers more features, more stats, and more fun while also helping to support Sporcle. Thank you for becoming a member.

You're not logged in!

Compare scores with friends on all Sporcle quizzes.
OR
Log In

Show Comments

Extras

Top Quizzes Today


Score Distribution

Your Account Isn't Verified!

In order to create a playlist on Sporcle, you need to verify the email address you used during registration. Go to your Sporcle Settings to finish the process.

Report this User

Report this user for behavior that violates our Community Guidelines.

Details: